01031nam a2200193 i 4500001000700000003000900007005001700016007000300033008004100036245011600077260005100193300002800244505039400272650002300666700003000689700004900719700002300768852004600791149821ES-MaACL20250815062537.0t|071024m19281931sp ||||1| spa d00aGeografía universal b: descripción moderna del mundo / cdirector científico D. Fernando Valls Taberner. aBarcelona : bInstituto Gallach, c[1928-1931] a5 v. : bil. ; c30 cm.8 aContiene: t. 1. El espacio y la tierra / por D. Victoriano Fernández Ascarza...[et al.] -- t. 2. Europa (menos España y Portugal) / por D. Miguel Santaló...[et al.] -- t. 3. España y Portugal / por D. Miguel Santaló...[et al.] -- t. 4. Asia, Africa, Oceanía, regiones polares / por D. Gonzalo de Reparaz (hijo)...[et al.] -- t. 5. América / por D. Miguel Santaló...[et al.]07aGeografía2embne1 aValls i Taberner, Ferran.1 aFernández Ascarza, Victoriano, d1870-19341 aSantaló, Miguel. aES-MaACLjA-265-69 z.- Falta el vol. 1º